000
00330nam a2200121Ia 4500
008
231129s9999||||xx |||||||||||||| ||spa||
020
_a
84-7525-271-0
040
_b
spa
082
_a
R 621.8 M111
245
0
_a
Maquinas y transporte
264
_a
Ediciones Generales Anaya.
942
_2
ddc
_c
BKS
999
_c
20610
_d
20610